书目信息 |
| 题名: |
去美国读中学
|
|
| 作者: | 平章 著 | |
| 分册: | ||
| 出版信息: | 北京 人民日报出版社 2018 |
|
| 页数: | 354页 | |
| 开本: | 24cm | |
| 丛书名: | ||
| 单 册: | ||
| 中图分类: | G639.712.8 | |
| 科图分类: | ||
| 主题词: | 留学教育--概况--美国 , 中学--介绍--美国 | |
| 电子资源: | ||
| ISBN: | 978-7-5115-5151-1 | |
| 000 | 00905nam0 2200253 450 | |
| 001 | 012001003218 | |
| 005 | 20130125132640.0 | |
| 010 | @a978-7-5115-5151-1@dCNY68.00 | |
| 100 | @a20181129d2018 em y0chiy50 ea | |
| 101 | 0 | @achi |
| 102 | @aCN@b110000 | |
| 105 | @aa z 000yy | |
| 106 | @ar | |
| 200 | 1 | @a去美国读中学@9qu mei guo du zhong xue@e留学美国中学全攻略@f平章著 |
| 210 | @a北京@c人民日报出版社@d2018 | |
| 215 | @a354页@c图@d24cm | |
| 330 | @a本书结合作者的工作实例,根据近年来美国中学留学政策和发展趋势,围绕美国私立寄宿中学特点,去美国读中学的心理准备、申请程序、签证手续和学校选择等,进行了细致说明。 | |
| 517 | 1 | @a留学美国中学全攻略@9liu xue mei guo zhong xue quan gong lue |
| 606 | 0 | @a留学教育@x概况@y美国 |
| 606 | 0 | @a中学@x介绍@y美国 |
| 690 | @aG639.712.8@v5 | |
| 701 | 0 | @a平章@9ping zhang@4著 |
| 801 | 0 | @aCN@b江苏凤凰@c20191020 |
| 905 | @b1217464-7@dG639.712.8@e1408@f4 | |
| 去美国读中学:留学美国中学全攻略/平章著.-北京:人民日报出版社,2018 |
| 354页:图;24cm |
| ISBN 978-7-5115-5151-1:CNY68.00 |
| 本书结合作者的工作实例,根据近年来美国中学留学政策和发展趋势,围绕美国私立寄宿中学特点,去美国读中学的心理准备、申请程序、签证手续和学校选择等,进行了细致说明。 |
| ● |
| 相关链接 |
|
|
|
|
正题名:去美国读中学
索取号:G639.712.8/1408
 
预约/预借
| 序号 | 登录号 | 条形码 | 馆藏地/架位号 | 状态 | 备注 |
| 1 | 1217464 | 212174644 | 第一样本阅览室/ [索取号:G639.712.8/1408] | 在馆 | |
| 2 | 1217465 | 212174653 | 教育系资料室/ [索取号:G639.712.8/1408] | 在馆 | |
| 3 | 1217466 | 212174662 | 教育系资料室/ [索取号:G639.712.8/1408] | 在馆 | |
| 4 | 1217467 | 212174671 | 第四借阅区/ [索取号:G639.712.8/1408] | 在馆 |